هل تكسب الإنسانيةمعركتها ؟ : تقرير الهيئة المستقلة الخاصة با لقضايا الإنسانية في العالم / (رقم التسجيلة. 95270)
[ عرض عادي ]
| 000 -LEADER | |
|---|---|
| fixed length control field | 00598nam a22001697a 4500 |
| 005 - DATE AND TIME OF LATEST TRANSACTION | |
| control field | 20251108173050.0 |
| 008 - FIXED-LENGTH DATA ELEMENTS--GENERAL INFORMATION | |
| fixed length control field | 250721s9999 xx 000 0 ara d |
| 082 14 - DEWEY DECIMAL CLASSIFICATION NUMBER | |
| Classification number | 302/تقر |
| 100 1# - MAIN ENTRY--PERSONAL NAME | |
| Personal name | عصفور، محمد |
| Relator term | tran. |
| 245 10 - TITLE STATEMENT | |
| Title | هل تكسب الإنسانيةمعركتها ؟ : تقرير الهيئة المستقلة الخاصة با لقضايا الإنسانية في العالم / |
| 300 ## - PHYSICAL DESCRIPTION | |
| Extent | 343ص |
| 650 17 - SUBJECT ADDED ENTRY--TOPICAL TERM | |
| Topical term or geographic name as entry element | الإنسانية |
| 650 17 - SUBJECT ADDED ENTRY--TOPICAL TERM | |
| Topical term or geographic name as entry element | علم النفس الإجتماعي |
| 650 17 - SUBJECT ADDED ENTRY--TOPICAL TERM | |
| Topical term or geographic name as entry element | العلاقات الإنسانية |
| 942 ## - ADDED ENTRY ELEMENTS (KOHA) | |
| Source of classification or shelving scheme | Dewey Decimal Classification |
| Koha item type | كتب |
| حالة السحب | حالة الفقدان | مصدر التصنيف | حالة التلف | غير قابل للإعارة | المكتبة الرئيسية | المكتبة الحالية | موقع الرف | تاريخ التزويد | الرقم المتسلسل | Total Checkouts | رقم الإستدعاء | الباركود | تاريخ آخر ظهور | تاريخ الفاتورة | نوع المادة (كوها) |
|---|---|---|---|---|---|---|---|---|---|---|---|---|---|---|---|
| Dewey Decimal Classification | Not For Loan | مكتبة منتدى الرواد | مكتبة منتدى الرواد | لا يعار | 19/11/2011 | 1502635 | 302/تقر | PLD00231900 | 28/07/2025 | 19/11/2011 | كتب |